• 首页
  • 本馆介绍
  • 公告通知
  • 最新文献
  • 馆藏检索
  • 电子资源
  • 读者荐购
  • 参考咨询
  • CALIS
  • 我的图书馆
  • 登录
  • 详细信息显示
  • 放入我的书架
  • 预约/预借图书
  • 作者相关作品
  • 分类相关作品
  • 丛书相关作品
  • 出版社相关作品

书目信息

  • 表格格式
  • 工作单格式
  • 卡片格式
题名:
河北省河湖保护和治理法制建设探索与实践
    
 
作者: 张栓堂, , 孙湄, , 赵名彦, 著
分册:  
出版信息: 北京   人民出版社  2021.11
页数: 245页
开本: 24cm
丛书名:
单 册:
中图分类: D922.680.4 , D922.6
科图分类:
主题词: 河流--he liu--综合治理--环境保护法--研究--河北 , 湖泊--hu po--综合治理--环境保护法--研究--河北
电子资源:
ISBN: 978-7-01-023874-6
 
 
 
 
 
000 01538nam0 2200289 450
001 27350
005 20220921133032.98
010    @a978-7-01-023874-6@dCNY48.00
100    @a20220221d2021 em y0chiy50 ea
101 0  @achi
102    @aCN@b110000
105    @aa a 000yy
200 1  @a河北省河湖保护和治理法制建设探索与实践@Ahe bei sheng he hu bao hu he zhi li fa zhi jian she tan suo yu shi jian@f张栓堂, 孙湄, 赵名彦著
210    @a北京@c人民出版社@d2021.11
215    @a245页@c图@d24cm
314    @a张栓堂, 1964年生, 河北晋州人, 中共党员, 正高级工程师。现任河北省水利科学研究院院长、书记, 兼任河北省水利学会副理事长、《南水北调与水利科技》期刊总编。孙湄, 1969年生, 女, 中共党员, 正高级会计师, 现任河北省水利科学研究院副院长。赵名彦, 1982年生, 女, 博士, 中共党员, 高级工程师, 现任河北省水利科学研究院工程与技术咨询中心主任。
320    @a有书目 (第236-243页)
330    @a本书共包括四章十七节。从定义、重要性、指导思想、管理体制等方面明确了河湖保护和治理及其法制化建设的内涵要义 ; 总结归纳基础上分析探讨了河北省河湖立法、执法、普法方面的成效和存在的问题 ; 梳理国内外先进工作经验及成果启示, 总结出适合河北省省情的立法、执法和司法对策。
606 0  @a河流@Ahe liu@x综合治理@x环境保护法@x研究@y河北
606 0  @a湖泊@Ahu po@x综合治理@x环境保护法@x研究@y河北
690    @aD922.680.4@v5
690    @aD922.6@v4
701  0 @a张栓堂,@Azhang shuan tang@f1964-@4著
701  0 @a孙湄,@Asun mei@f1969-@4著
701  0 @a赵名彦,@Azhao ming yan@f1982-@4著
801  0 @aCN@c20220910
905    @a河南城建学院图书馆@dD922.6@eZ170@f2
    
    河北省河湖保护和治理法制建设探索与实践/张栓堂, 孙湄, 赵名彦著.-北京:人民出版社,2021.11
    245页:图;24cm
    
    
    ISBN 978-7-01-023874-6:CNY48.00
    本书共包括四章十七节。从定义、重要性、指导思想、管理体制等方面明确了河湖保护和治理及其法制化建设的内涵要义 ; 总结归纳基础上分析探讨了河北省河湖立法、执法、普法方面的成效和存在的问题 ; 梳理国内外先进工作经验及成果启示, 总结出适合河北省省情的立法、执法和司法对策。
●
相关链接 在E读中查询图书 在当当中查询图书 在豆瓣中查询图书


正题名:河北省河湖保护和治理法制建设探索与实践     索取号:D922.6/Z170         预约/预借

序号 登录号 条形码 馆藏地/架位号 状态 备注
1 1579357   215793577   社科库509/509社科库 90排1列2层/ [索取号:D922.6/Z170] 在馆    
2 1579358   215793586   社科库509/509社科库 90排1列2层/ [索取号:D922.6/Z170] 在馆    
河南城建学院图书馆 欢迎您!
大连网信软件有限公司© 版权所有